Teoria da improbidade administrativa : (Record no. 928)

MARC details
000 -LÍDER
Campo Fixo de Controle 00948nam a2200265 a 4500
001 - NÚMERO DE CONTROLE
Campo de Controle 928
003 - IDENTIFICAÇÃO DO NÚMERO DE CONTROLE
Campo de Controle BR-CuiBMT
005 - DATA E HORA DA ÚLTIMA ATUALIZAÇÃO
Campo de Controle 20231123160755.0
008 - DADOS FIXOS
Dados Fixos 230904s2010 spb 000 0 por d
020 ## - INTERNATIONAL STANDARD BOOK NUMBER
Nº do ISBN 9788520338346
040 ## - AGÊNCIA CATALOGADORA
Código da Agência Catalogadora BR-CuiBMT
Agência que transcreveu o registro BR-CuiBMT
080 ## - Nº DA CLASSIFICAÇÃO DECIMAL UNIVERSAL
Nº Class. CDU 35.086:343.35
Nº edição CDU 2007
090 ## - NÚMERO DE CHAMADA
Nº classificação 35.086:343.35
Cutter O83t
Ano/Edição 2. ed.
100 1# - ENTRADA PRINCIPAL -- AUTOR PESSOAL
Nome pessoal Osório, Fábio Medina
245 10 - TÍTULO PRINCIPAL
Título principal Teoria da improbidade administrativa :
Subtítulo má gestão pública, corrupção, ineficiência /
Indicação de responsabilidade Fábio Medina Osório ; prefácio Eduardo García de Enterría.
250 ## - EDIÇÃO
Edição 2. ed. rev., atual e ampli.
260 ## - PUBLICAÇÃO, DISTRIBUIÇÃO, ETC.
Local de publicação São Paulo :
Editora Revista dos Tribunais,
Data c2010.
300 ## - DESCRIÇÃO FÍSICA
N. páginas ou volumes 509 p. ;
Dimensões 23 cm
504 ## - NOTA DE BIBLIOGRAFIA, ETC.
Nota de bibliografia Inclui bibliografia.
650 ## - ASSUNTO TÓPICO
Cabeçalho tópico ou nome geográfico Improbidade administrativa
Subdivisão geográfica Brasil
650 ## - ASSUNTO TÓPICO
Cabeçalho tópico ou nome geográfico Corrupção administrativa
Subdivisão geral Direito comparado
Subdivisão geográfica Brasil
650 ## - ASSUNTO TÓPICO
Cabeçalho tópico ou nome geográfico Legislação
Subdivisão geográfica Brasil
650 ## - ASSUNTO TÓPICO
Cabeçalho tópico ou nome geográfico Servidor público
Subdivisão geral Responsabilidade
Subdivisão geográfica Brasil
942 ## - ELEMENTOS DE ENTRADA ADICIONAIS (KOHA)
Fonte de classificação ou esquema de arquivamento Classificação Decimal Universal
Tipo de item do Koha Livros
Holdings
Estado: removido Estado: perdido Fonte de classificação ou esquema de arquivamento Estado: danificado Indisponível para empréstimo Localização permanente Localização atual Data de aquisição Total Checkouts Número de Chamada completo Código de barras Date last seen Número do exemplar Preço efetivo a partir de Tipo de item (Koha)
    Classificação Decimal Universal     Biblioteca da Escola Superior de Contas do TCE/MT Biblioteca da Escola Superior de Contas do TCE/MT 09/05/2012   35.086:343.35 O83t 2. ed. BIBTCEMT23110947 23/11/2023 Ex. 1 23/11/2023 Livros

Powered by Koha